| 000 | 00658nam a2200205Ia 4500 | ||
|---|---|---|---|
| 003 | GCL | ||
| 008 | 140319s9999 xx 000 0 ara d | ||
| 040 |
_aGCL / _cGCL |
||
| 082 | 0 | 4 |
_a229.3 _bا س |
| 100 | 1 | _aعبدالله حجاج | |
| 245 | 1 | 0 |
_aالسحر والكهانة والحسد / _cعبدالله حجاج |
| 700 | 1 | _aابن حجر العسقلانى : بدر الدين ابو المعالى محمد بن احمد بن على | |
| 260 |
_a[S.N] : _bمكتبة التراث الاسلامى ، _c1990 |
||
| 300 | _a125 ص | ||
| 490 | _a | ||
| 650 | 0 | 4 | _aالاسلام |
| 650 | 0 | 4 | _aالحسد |
| 650 | 0 | 4 | _aالسحر |
| 942 |
_2ddc _cBK |
||
| 999 |
_c53805 _d53805 |
||